000 00628nam a2200193Ia 4500
003 GCL
008 140319s9999 xx 000 0 ara d
040 _aGCL /
_cGCL
082 0 4 _aع
_b575.1
_bج م
100 1 _aجمال الدين نصرت
245 1 0 _aمقدمة فى علم الوراثة /
_cجمال الدين نصرت
700 1 _aعبدالرؤوف سليم
260 _aالقاهرة :
_bدار الفكر العربى ،
_c1980
300 _a352 ص ؛
_c24 سم
650 0 4 _aالوراثة ، علم
650 0 4 _aالوراثة والبيئة
650 0 4 _aالتكاثر الجنسى
942 _2ddc
_cBK
999 _c30358
_d30358